Sfax and Sousse with approaches.

Bibliographic Details
Corporate Author: Great Britain. Hydrographic Office
Format: Map
Language:English
Published: Taunton [England] : Hydrographer of the Navy, 1996.
Edition:Small corrections 1996.
Subjects:

MARC

Tag First Indicator Second Indicator Subfields
LEADER 00000nem a2200000Ii 4500
001 in00003442002
005 20140619134437.0
007 aj canzn
008 140619t19961987enkaeg bd a f 0 eng d
035 |a (OCoLC)ocn881504173 
040 |a TXA  |b eng  |e rda  |c TXA 
034 1 |a a  |b 125000  |d E0103330  |e E0110408  |f N0355819  |g N0353720 
034 1 |a a  |b 125000  |d E0103500  |e E0110910  |f N0344600  |g N0342500 
035 |a (OCoLC)881504173 
043 |a f-ti--- 
052 |a 8254  |b S3  |b S8 
090 |a G8254.S3C2 1996  |b .G7 
049 |a TXAM 
110 1 |a Great Britain.  |b Hydrographic Office. 
245 1 0 |a Sfax and Sousse with approaches. 
246 1 |i At head of title:  |a Tunisia 
250 |a Small corrections 1996. 
255 |a Scale 1:125,000 ;  |b Mercator projection  |c (E 10°33ʹ30ʺ--E 11°04ʹ08ʺ/N 35°58ʹ19ʺ--N35°37ʹ20ʺ). 
255 |a Scale 1:125,000 ;  |b Mercator projection  |c (E 10°35ʹ00ʺ--E 11°09ʹ10ʺ/N 34°46ʹ00ʺ--N34°25ʹ00ʺ). 
264 1 |a Taunton [England] :  |b Hydrographer of the Navy,  |c 1996. 
264 4 |c ©1987 
300 |a 2 maps on 1 sheet :  |b color ;  |c 105 x 63 cm 
336 |a cartographic image  |b cri  |2 rdacontent 
337 |a unmediated  |b n  |2 rdamedia 
338 |a sheet  |b nb  |2 rdacarrier 
500 |a Relief shown by contours and spot heights. Depth shown by soundings. 
500 |a "Hydrographic Office." 
500 |a "1162." 
500 |a Additional maps: Port de Sfax. scale 1:25,000 -- Port de Sousse. scale 1:25,000. 
651 0 |a Ṣafāqis (Tunisia)  |v Maps. 
651 0 |a Sūsah (Tunisia)  |v Maps. 
655 7 |a Nautical charts.  |2 lcgft 
655 7 |a Bathymetric maps.  |2 lcgft 
994 |a C0  |b TXA 
948 |a cataloged  |b h  |c 2014/6/19  |d o  |e nbehmer  |f 1:44:30 pm 
999 f f |s b5204102-d012-3a27-8b78-1ac07ec67587  |i 8331f53b-1f2b-3633-a4c7-348e9a25df19  |t 0 
952 f f |p normal  |a Texas A&M University  |b College Station  |c Sterling C. Evans Library  |d Evans: Maps (2nd floor)  |t 0  |e G8254.S3C2 1996 .G7  |h Library of Congress classification  |i unmediated -- sheet  |m A14842343924 
998 f f |a G8254.S3C2 1996 .G7  |t 0  |l Evans: Maps (2nd floor)